[Event "Basses Vallees Angevines op 4th"]
[Site "Cantenay Epinard"]
[Date "2015.12.19"]
[Round "4"]
[White "Potiron, Nicolas"]
[Black "Tricarico, Pasquale"]
[Result "1/2-1/2"]
[WhiteElo "1577"]
[BlackElo "1399"]
[PlyCount "100"]
[EventDate "2015.12.19"]
[EventType "swiss"]
[EventRounds "5"]
[EventCountry "FRA"]
[SourceTitle "EXT 2019"]
[Source "ChessBase"]
[SourceDate "2018.10.10"]
[SourceVersion "1"]
[SourceVersionDate "2018.10.10"]
[SourceQuality "1"]

1. d4 e6 2. c4 d5 3. e3 Nf6 4. Nf3 Bb4+ 5. Bd2 Bxd2+ 6. Nbxd2 0-0 7. Bd3 Nbd7 8. Qc2 dxc4 9. Nxc4 Nb6 10. Nce5 h6 11. g4 Qd5 12. Rg1 Qa5+ 13. Kd1 Nbd5 14. g5 Nb4 15. Qb1 Nxd3 16. Qxd3 hxg5 17. Rxg5 b6 18. Ng6 Qa4+ 19. b3 Qa6 20. Qxa6 Bxa6 21. Nxf8 Kxf8 22. Nd2 Nd5 23. Rc1 Rc8 24. a3 Bd3 25. Rh5 Ke7 26. Rh4 g5 27. Rg4 f6 28. e4 Nf4 29. Ke1 Ne2 30. Ra1 Nxd4 31. Rc1 Nc2+ 32. Rxc2 Bxc2 33. b4 c5 34. f4 cxb4 35. axb4 a5 36. fxg5 fxg5 37. bxa5 bxa5 38. Rxg5 a4 39. Ra5 Rh8 40. e5 Rxh2 41. Ra7+ Kd8 42. Nc4 Rh4 43. Nd6 Bb3 44. Kd2 Rh2+ 45. Kc3 Rc2+ 46. Kb4 Rc7 47. Nb7+ Kc8 48. Nd6+ Kd7 49. Ra5 Kc6 50. Rc5+ Kd7 1/2-1/2

[Event "Sautron Retif op 0405"]
[Site "Sautron"]
[Date "2005.03.05"]
[Round "6"]
[White "Potiron, Nicolas"]
[Black "Bihari, Pascal"]
[Result "1-0"]
[WhiteElo "1430"]
[BlackElo "2022"]
[PlyCount "55"]
[EventDate "2004.10.16"]
[EventType "swiss"]
[EventRounds "7"]
[EventCountry "FRA"]
[SourceTitle "EXT 2007"]
[Source "ChessBase"]
[SourceDate "2006.11.23"]
[SourceVersion "1"]
[SourceVersionDate "2006.11.23"]
[SourceQuality "1"]

1. e4 e5 2. Nf3 Nc6 3. Bb5 a6 4. Ba4 Nf6 5. Nc3 d6 6. a3 Bg4 7. h3 Bh5 8. g4 Bg6 9. d3 Be7 10. Be3 Nd7 11. Qd2 h6 12. 0-0-0 b5 13. Bb3 b4 14. axb4 Nxb4 15. d4 Bf6 16. dxe5 Nxe5 17. Nxe5 dxe5 18. Qxd8+ Rxd8 19. Ba4+ c6 20. Bc5 Rb8 21. Bxb4 Rxb4 22. Bxc6+ Kf8 23. Rd7 Rc4 24. Bd5 Rd4 25. h4 Be7 26. Ra7 Ke8 27. Bc6+ Kf8 28. Nd5 1-0